[Event "Elitserien2015_2016"]
[Site "Vegagatan 20, Gothenburg, Sweden"]
[Date "2016.02.27"]
[Round "1.1"]
[White "Tari, Aryan"]
[Black "Hultin, Johan"]
[Result "1-0"]
[BlackElo "2319"]
[WhiteElo "2556"]
[WhiteTeam "Lunds ASK"]
[BlackTeam "SS Manhem"]
[LiveChessVersion "1.4.7"]

1. e4 {[%clk 1:30:47]} e6 {[%clk 1:30:13]} 2. d4 {[%clk 1:31:06]} d5
{[%clk 1:30:38]} 3. Nc3 {[%clk 1:31:19]} dxe4 {[%clk 1:31:02]} 4. Nxe4
{[%clk 1:31:42]} Bd7 {[%clk 1:31:27]} 5. Nf3 {[%clk 1:31:41]} Bc6
{[%clk 1:31:51]} 6. Bd3 {[%clk 1:32:02]} Nd7 {[%clk 1:32:13]} 7. c3
{[%clk 1:31:44]} Ngf6 {[%clk 1:31:06]} 8. Nxf6+ {[%clk 1:31:41]} Nxf6
{[%clk 1:31:28]} 9. Bf4 {[%clk 1:32:04]} Bxf3 {[%clk 1:26:41]} 10. Qxf3
{[%clk 1:32:19]} c6 {[%clk 1:26:55]} 11. O-O {[%clk 1:30:56]} Bd6
{[%clk 1:23:44]} 12. Be5 {[%clk 1:30:35]} Bxe5 {[%clk 1:18:16]} 13. dxe5
{[%clk 1:30:54]} Nd7 {[%clk 1:18:22]} 14. Qg3 {[%clk 1:27:41]} g6
{[%clk 1:02:09]} 15. Rad1 {[%clk 1:12:00]} Qb6 {[%clk 0:49:23]} 16. b4
{[%clk 1:05:51]} a5 {[%clk 0:42:31]} 17. a3 {[%clk 0:59:08]} axb4
{[%clk 0:34:41]} 18. axb4 {[%clk 0:59:24]} Rd8 {[%clk 0:27:07]} 19. Be4
{[%clk 0:55:22]} O-O {[%clk 0:24:27]} 20. Rd6 {[%clk 0:49:44]} Nb8
{[%clk 0:20:39]} 21. h4 {[%clk 0:41:17]} Rxd6 {[%clk 0:19:46]} 22. exd6
{[%clk 0:41:36]} Nd7 {[%clk 0:20:03]} 23. h5 {[%clk 0:32:58]} Kg7
{[%clk 0:19:38]} 24. Re1 {[%clk 0:30:08]} Qd8 {[%clk 0:19:25]} 25. c4
{[%clk 0:23:27]} Qf6 {[%clk 0:18:33]} 26. Qa3 {[%clk 0:22:56]} Qd4
{[%clk 0:18:28]} 27. Qa1 {[%clk 0:23:11]} Qxa1 {[%clk 0:16:38]} 28. Rxa1
{[%clk 0:23:40]} f5 {[%clk 0:08:29]} 29. Bf3 {[%clk 0:23:02]} Ne5
{[%clk 0:06:20]} 30. Be2 {[%clk 0:20:11]} g5 {[%clk 0:06:27]} 31. c5
{[%clk 0:19:30]} Rb8 {[%clk 0:06:14]} 32. b5 {[%clk 0:12:50]} cxb5
{[%clk 0:06:34]} 33. Bxb5 {[%clk 0:12:56]} Kf6 {[%clk 0:05:31]} 34. Ra7
{[%clk 0:10:58]} h6 {[%clk 0:05:12]} 35. Kf1 {[%clk 0:07:44]} Nf7
{[%clk 0:04:15]} 36. Bd7 {[%clk 0:06:14]} Ke5 {[%clk 0:03:58]} 37. Ra5
{[%clk 0:05:11]} Nd8 {[%clk 0:01:51]} 38. Rb5 {[%clk 0:03:15]} Kd5
{[%clk 0:01:44]} 39. Ke2 {[%clk 0:00:59]} Nc6 {[%clk 0:00:50]} 40. Bxc6+
{[%clk 0:00:40]} Kxc6 {[%clk 0:01:13]} 41. Ra5 {[%clk 0:30:44]} g4
{[%clk 0:27:17]} 42. f3 {[%clk 0:24:48]} Rg8 {[%clk 0:21:35]} 43. Ke3
{[%clk 0:21:15]} gxf3 {[%clk 0:20:58]} 44. gxf3 {[%clk 0:19:44]} e5
{[%clk 0:20:46]} 45. f4 {[%clk 0:18:45]} Rg3+ {[%clk 0:18:59]} 46. Kf2
{[%clk 0:19:09]} exf4 {[%clk 0:19:21]} 47. Ra8 {[%clk 0:19:25]} Rc3
{[%clk 0:12:30]} 48. Rc8+ {[%clk 0:18:44]} Kd7 {[%clk 0:12:55]} 49. Rc7+
{[%clk 0:19:01]} Kd8 {[%clk 0:13:22]} 50. Rxb7 {[%clk 0:19:15]} Rxc5
{[%clk 0:13:46]} 51. Rh7 {[%clk 0:19:20]} Rc3 {[%clk 0:07:15]} 52. Rxh6
{[%clk 0:18:45]} Kd7 {[%clk 0:07:13]} 53. Rh8 {[%clk 0:11:39]} Kxd6 54. h6 Rc7
55. h7 Kc6 1-0

[Event "Elitserien2015_2016"]
[Site "Vegagatan 20, Gothenburg, Sweden"]
[Date "2016.02.27"]
[Round "1.6"]
[White "Åkesson, Joel"]
[Black "Smith, Axel"]
[Result "0-1"]
[BlackElo "2491"]
[WhiteElo "2293"]
[WhiteTeam "SS Manhem"]
[BlackTeam "Lunds ASK"]
[LiveChessVersion "1.4.7"]

1. c4 {[%clk 1:30:57]} e5 {[%clk 1:30:58]} 2. g3 {[%clk 1:31:15]} c6
{[%clk 1:31:26]} 3. d4 {[%clk 1:29:35]} e4 {[%clk 1:31:48]} 4. Nc3
{[%clk 1:27:28]} d5 {[%clk 1:32:09]} 5. Nh3 {[%clk 1:21:40]} h6 {[%clk 1:32:16]}
6. Nf4 {[%clk 1:15:09]} Nf6 {[%clk 1:32:36]} 7. cxd5 {[%clk 1:05:56]} cxd5
{[%clk 1:29:42]} 8. Qb3 {[%clk 0:58:01]} Nc6 {[%clk 1:29:59]} 9. Nfxd5
{[%clk 0:51:15]} Nxd5 {[%clk 1:30:24]} 10. Qxd5 {[%clk 0:49:32]} Qxd5
{[%clk 1:30:53]} 11. Nxd5 {[%clk 0:49:49]} Nxd4 {[%clk 1:31:22]} 12. Nc7+
{[%clk 0:43:09]} Kd8 {[%clk 1:30:51]} 13. Nxa8 {[%clk 0:41:29]} Nc2+
{[%clk 1:31:20]} 14. Kd1 {[%clk 0:40:13]} Nxa1 {[%clk 1:31:48]} 15. Be3
{[%clk 0:36:19]} Be6 {[%clk 1:31:30]} 16. Bxa7 {[%clk 0:27:31]} Bxa2
{[%clk 1:28:42]} 17. Bd4 {[%clk 0:16:26]} Nb3 {[%clk 1:14:51]} 18. Bc3
{[%clk 0:13:38]} Bc5 {[%clk 1:10:56]} 19. e3 {[%clk 0:09:32]} Kd7
{[%clk 0:46:41]} 20. Bb5+ {[%clk 0:06:10]} Kd6 {[%clk 0:45:15]} 21. Kc2
{[%clk 0:03:42]} Rxa8 {[%clk 0:45:39]} 22. Bc4 {[%clk 0:02:57]} Nc1
{[%clk 0:42:17]} 23. b3 {[%clk 0:01:16]} Nxb3 {[%clk 0:26:53]} 24. Bxb3
{[%clk 0:01:38]} Ra3 {[%clk 0:26:30]} 25. Bxa2 {[%clk 0:00:31]} Rxa2+
{[%clk 0:26:55]} 26. Kb3 {[%clk 0:00:56]} Rxf2 {[%clk 0:26:47]} 27. Bxg7
{[%clk 0:01:22]} Bxe3 {[%clk 0:26:25]} 28. Re1 {[%clk 0:01:45]} Rf3
{[%clk 0:24:39]} 29. Kc4 {[%clk 0:02:00]} Kc6 {[%clk 0:24:22]} 30. Rb1
{[%clk 0:02:17]} Rf2 {[%clk 0:16:20]} 0-1